| 000 | 00946nam a2200217Ii 4500 | ||
|---|---|---|---|
| 003 | JO-AjNU | ||
| 008 | 230605s9999||||xx |||||||||||||| ||und|| | ||
| 020 | _a1841170135 | ||
| 040 |
_aJO-AjNU _bara _erda _cJO-AjNU |
||
| 041 | _aara | ||
| 050 | 1 | 4 | _aBP166.M5646 1999 |
| 100 | 3 |
_aالميلاد، زكي, _eauthor _98988 |
|
| 245 | 0 | 0 | _aالفكر الإسلامي قراءات ومراجعات: التعددية، الديمقراطية، الحداثة، حقوق الإنسان، المرأة، الحركة الإسلامية، النظام العالمي الجديد |
| 250 | _aط1 | ||
| 264 | 3 | 1 | _aلندن-بيروت: مؤسسة الانتشار العربي، 1999 |
| 300 | _a176ص | ||
| 336 |
_atext _btxt _2rdacontent |
||
| 337 |
_aunmediated _bn _2rdamedia |
||
| 338 |
_avolume _bnc _2rdacarrier |
||
| 650 | 4 |
_aالمرأة المسلمة- الفلسفة الاسلامية- الديموقراطية- الاسلام- تاريخ _98989 |
|
| 999 |
_aA1070 _c4638 _d4638 |
||